Responses for Show #3730 - Friday, November 17, 2000

2000-B College Championship semifinal game 3.
From the University of Washington in Seattle.

Contestants

[<< previous game]

Erin Milligan, a freshman at the University of Delaware from Bear, Delaware

Jonah Knobler, a sophomore at Harvard University from Cincinnati, Ohio

Matt Keller, a sophomore at Vanderbilt University from Bettendorf, Iowa

[next game >>]

Jeopardy! Round responses

1812
BIRTHSTONES
"IN" THE BEGINNING
(Alex: Each correct response will begin with "IN".)
I PROTEST!
COLLEGES & UNIVERSITIES
MUSIC TO MY EARS
    $100 21
Louisiana

Erin
    $100 3
Rubies

Jonah
    $100 9
Inhale

Matt
    $100 16
(Alex: Happened right here (in Seattle) too, didn't it?)

World Trade Organization

Matt
    $100 30
George Washington

Matt
    $100 1
Madonna

Matt
    $200 22
Sacajawea

Matt
    $200 5
Aquamarine

Jonah
    $200 12
Index

Erin
    $200 17
Australia

Matt
    $200 29
Vermont

Jonah
    $200 2
Eminem

Erin
    $300 23
Helsinki

Jonah
    $300 6
Sapphire

Jonah
    $300 13
Incarnation

Jonah
    $300 18
South Africa

Matt
    $300 28
Indiana

Matt
    $300 4
The B-52's

Erin
    $800 24
Ludwig van Beethoven

Jonah
    $400 7
Amethyst

Jonah
    $400 14
Infallible

Erin
    $400 19
Black Panthers

Jonah
    $400 27
Iowa

Matt
    $400 10
Runaway Bride

Jonah
    $500 25
(with a minute to go...)

Pterodactyl

Matt
    $500 8
Topaz

Erin
    $500 15
William Inge

Triple Stumper
    $500 20
(M: What is L.A.?)

Chicago

MattJonah
    $500 26
The Claremont Colleges

Matt
    $500 11
U2

Triple Stumper

Scores at the first commercial break (after clue 15):

Matt Jonah Erin
$200 $1,700 $1,600

Scores at the end of the Jeopardy! Round:

Matt Jonah Erin
$2,300 $3,900 $1,700

Double Jeopardy! Round responses

DYLAN THOMAS
TENNIS
GEOGRAPHY "B"
A NUMBER FROM 1 TO 10
(Alex: That sounds easy!)
BALLET
(Alex: Something that...)
SOUNDS GOOD TO ME
    $200 30
Wales

Jonah
    $200 21
Love

Erin
    $200 15
Brazil

Erin
    $200 1
2

Erin
    $200 16
Canada

Jonah
    $200 6
The Simpsons

Jonah
    $400 29
Binge drinking

Matt
    $400 22
Venus Williams

Jonah
    $400 14
Bering Strait

Erin
    $400 2
6

Triple Stumper
    $400 17
Eiffel Tower

Jonah
    $400 7
Gong

Matt
    $600 28
London

Jonah
    $600 23
(E: Who is McEnroe?)

Jimmy Connors

Erin
Triple Stumper
    $600 13
Baltic Sea

Matt
    $600 3
4

Matt
    $600 18
Bolshoi

Jonah
    $600 8
Wheel of Fortune

Matt
    $800 27
His father

Triple Stumper
    $500 24
Pete Sampras

Jonah
    $800 12
Borneo

Jonah
    $800 4
9

Erin
    $800 19
"Don Quixote"

Matt
    $800 9
"Taps"

Jonah
    $1000 26
James Joyce

Matt
    $1000 25
(minute to go...)

Davis Cup

Matt
    $1000 11
Brisbane

Triple Stumper
    $1,000 5
10

Erin
    $1000 20
Henrik Ibsen

Matt
    $1000 10
Humpback whale

Jonah

Scores at the end of the Double Jeopardy! Round:

Matt Jonah Erin
$8,700 $9,600 $3,900

[wagering suggestions for these scores]

Final Jeopardy! Round responses

POLITICAL NAMES
ErinWho are the Pez Heads?
$2,099
MattWho is Filibuster??
$900
JonahWho is Tom DeLay?
$7,801
Tom DeLay

Final scores:

Matt Jonah Erin
$7,800 $17,401 $1,801
2nd place: $5,000 Finalist 3rd place: $5,000

Game dynamics:

Coryat scores:

Matt Jonah Erin
$8,700 $9,500 $3,900
20 R,
1 W
22 R
(including 2 DDs),
0 W
12 R
(including 1 DD),
1 W

Combined Coryat: $22,100

[game clues] [game scores] [suggest correction]

Game tape date: 2000-09-16
The J! Archive is created by fans, for fans. Scraping, republication, monetization, and malicious use prohibited; this site may use cookies and collect identifying information. See terms. The Jeopardy! game show and all elements thereof, including but not limited to copyright and trademark thereto, are the property of Jeopardy Productions, Inc. and are protected under law. This website is not affiliated with, sponsored by, or operated by Jeopardy Productions, Inc. Join the discussion at JBoard.tv.